The Beatles /

Bibliographic Details
Main Author: Stokes, Geoffrey, 1940-
Format: Book
Language:English
Published: New York : Times Books, [1980]
Subjects:

MARC

Tag First Indicator Second Indicator Subfields
LEADER 00000cam a2200000 i 4500
001 in00000013989
005 20151007052119.0
008 800409s1980 nyuaf 00010ceng
010 |a  80005138  
020 |a 0812909283 
035 |a (OCoLC)06280526 
035 |9 AAA6336AM 
040 |a DLC  |c DLC  |d m.c.  |d TXA  |d UtOrBLW 
043 |a e-uk-en 
049 |a TXAM  |c [A11031736] 
050 0 0 |a ML421.B4  |b S76 
082 0 |a 784.5/4/00922  |a B 
100 1 |a Stokes, Geoffrey,  |d 1940- 
245 1 4 |a The Beatles /  |c text by Geoffrey Stokes ; introduction by Leonard Bernstein ; art direction by Bea Feitler. 
264 1 |a New York :  |b Times Books,  |c [1980] 
264 4 |c ©1980 
300 |a 245 pages, 12 unnumbered pages of plates :  |b illustrations ;  |c 32 cm. 
336 |a text  |b txt  |2 rdacontent 
337 |a unmediated  |b n  |2 rdamedia 
338 |a volume  |b nc  |2 rdacarrier 
500 |a "A Rolling Stone Press book." 
610 2 0 |a Beatles. 
650 0 |a Rock musicians  |z England  |v Biography. 
999 |a MARS 
999 f f |s 0bade731-1f95-38cf-871a-7cc97f9b9182  |i ea88741b-0795-39fb-8b59-a53b07ba258a  |t 0 
952 f f |p ric  |a Texas A&M University  |b Rellis Campus  |c Joint Library Facility  |d Remote Storage  |t 0  |e ML421.B4 S76  |h Library of Congress classification  |i unmediated -- volume  |m A14811031736 
998 f f |a ML421.B4 S76  |t 0  |l Remote Storage